Дело о выкупе земельных наделов временнообязанными крестьянами Н.Т. Головина сельца Колядчина и деревень Быковки и Любощи Брянск...

Доступно только в Электронных читальных залах Найти на картеНа карте
RUSMARC
00004148nmc2a2200000 x 450
0018cc55c75-1190-4176-b8dc-dc4e8e1e478c
00520170125104054.0
100##$a20140325l18621863k l0rusy0189 ca
1010#$arus
102##$aRU
2001#$aДело о выкупе земельных наделов временнообязанными крестьянами Н.Т. Головина сельца Колядчина и деревень Быковки и Любощи Брянского уезда Орловской губернии
$j20 декабря 1862 г. - 13 мая 1863 г.
251##$cДело
300##$aДело
300##$aОриг. заголовок дела: Дело Головина Н.Т. Орловской губернии Брянского уезда сельца Колядчина и деревень Быковки и Любощи. 20 декабря 1862 г. - 13 мая 1863 г
801#0$aRU
$bРГИА
$c20140325
$gRCR
801#1$aRU
$bГлавНИВЦ
$c20140325
$2rusmarc
801#2$aRU
$bПБ им. Б.Н. Ельцина
$c20170125
$gRCR
$2rusmarc
850##$aРГИА
852##$aРГИА
$eФедеральное казенное учреждение "Российский государственный исторический архив" (РГИА)
$j334
937##$hРГИА
$d11004680
$aASBIBLIO_SCAN
462#0$10012327ab3a-0548-404e-b4cb-e37355ac5039
$12001
$a1863-1889 гг.
$1251
$cОпись
$1852
$j26
461#0$10018ef30ad5-ff5c-4840-a721-74c62a200f95
$12001
$aГлавное выкупное учреждение Министерства финансов
$1251
$cФонд
$1852
$j577
215##$a38 л.
$d36,5х26 см
371##$aДокумент не является опубликованным и широко распространяемым
105##$ay###
1222#$ad
5171#$aДело Головина Н.Т. Орловской губернии Брянского уезда сельца Колядчина и деревень Быковки и Любощи. 20 декабря 1862 г. - 13 мая 1863 г
035##$a8cc55c75-1190-4176-b8dc-dc4e8e1e478c
856##$uhttp://readingroom.main.prlib.ru/item.aspx?id_node=n94925921&mode=full
Формат отображения